header

Angkor Wat (Record no. 1340)

MARC details
000 -LEADER
fixed length control field 01310nam a2200325 a 4500
082 04 - DEWEY DECIMAL CLASSIFICATION NUMBER
Classification number 959.6
100 1# - MAIN ENTRY--AUTHOR NAME
Personal name Mannikka, Eleanor.
245 10 - TITLE STATEMENT
Title Angkor Wat
260 ## - PUBLICATION, DISTRIBUTION, ETC. (IMPRINT)
Place of publication Honolulu :
Name of publisher University of Hawaii Press,
Year of publication c1996.
300 ## - PHYSICAL DESCRIPTION
Number of Pages xv, 341 p. :
Other physical details ill. (some col.), maps.
650 #0 - SUBJECT ADDED ENTRY--TOPICAL TERM
Topical Term Buddhist temples
Topical Term Astronomy, Khmer.
856 40 - ELECTRONIC LOCATION AND ACCESS
Uniform Resource Identifier http://site.ebrary.com/lib/rucke/Doc?id=5001738

No items available.

© 2026 Rongo University
Contact us: librarian | system librarian | Rongo university